00426nam a2200157Ia 4500003000400000005001700004008004100021020001800062040000900080082001800089100001800107245007600125260003800201300000900239650002000248OSt20200206112712.0190216s9999||||xx |||||||||||||| ||und|| a9789351378846 coclc a297.14bAUD/S a Auda, Jasser 0aSareeath Bharanam Pourasamooham Punarvaayanakk Oramukham /cJasser Auda bVicharam Books,c2014.aThrissur: a125p aIslamic History